000 00816nam a22001937a 4500
999 _c15164
_d15164
003 OSt
082 _2631.587 MEG/ES
088 _aP 268
100 _aMEGHA P
_93466
245 _aEstimation of crop water requirement and irrigation scheduling of KCEAT instructional farm using cropwat model
260 _aTavanur 2013
_bDepartment of Irrigation & Drainage Engineering
300 _a125
500 _aEstimation of crop water requirement and irrigation scheduling of KCEAT instructional farm using cropwat model
520 _aEstimation of crop water requirement and irrigation scheduling of KCEAT instructional farm using cropwat model
700 _aSabeena Shahul
_93467
700 _aDr. Rema K. P (Guide)
_93468
856 _uhttps://drive.google.com/open?id=1G0W9VLn_pVIxnJ1M4srd77OoGYVpjaJj
942 _cPR